| 000 | 00000nam##2200000za#4500 |
| 001 | 9.697849 |
| 003 | CaOODSP |
| 005 | 20210624235650 |
| 007 | cr ||||||||||| |
| 008 | 150407|1999||||xxc|||||o f|0| 0 eng|d |
| 040 | |aCaOODSP|beng |
| 043 | |an-cn--- |
| 086 | 1 |aRH64-48/1999E-PDF |
| 110 | 1 |aCanada.|bHuman Resources Development Canada. |bStrategic Policy. |
| 245 | 10|aEvaluation reports - formative evaluation of Learning Initiatives / |h[electronic resource]|c[by] Evaluation and Data Development. |
| 260 | |aOttawa - Ontario : |bHuman Resources Development Canada. |cMarch 1999. |
| 300 | |a86p.|borganization chart, tables |
| 504 | |aBibliography. |
| 590 | |a13-12-Supp|b2013-05-10 |
| 690 | 07|aFederal programs|2gcpds |
| 690 | 07|aLearning|2gcpds |
| 775 | 08|tRapports d'évaluation - évaluation formative des Initiatives liées à l'acquisition du savoir / |w(CaOODSP)9.641855 |
| 856 | 40|ahttp://publications.gc.ca|qPDF|s370 KB|uhttps://publications.gc.ca/collections/collection_2013/rhdcc-hrsdc/RH64-48-1999-eng.pdf |
| 986 | |aSP-AH096-03-99E |